| 000 | 00000nam##2200000za#4500 |
| 001 | 9.688898 |
| 003 | CaOODSP |
| 005 | 20210624231639 |
| 007 | cr ||||||||||| |
| 008 | 150407|2006||||xxc|||||o f|0| 0 eng|d |
| 020 | |a0-662-44221-0 |
| 040 | |aCaOODSP|beng |
| 043 | |an-cn--- |
| 086 | 1 |aFs114-5/2006E-PDF |
| 110 | 1 |aCanada. |bDepartment of Fisheries and Oceans. |
| 245 | 10|aCanada - Newfoundland and Labrador fishing industry renewal initiative : |h[electronic resource]|bdiscussion paper |
| 246 | 1 |aCanada - Newfoundland and Labrador fishing industry renewal : a discussion paper |
| 260 | |aSt. John's - Newfoundland and Labrador : |bFisheries and Oceans Canada |c2006. |
| 300 | |a54p.|bgraphs, tables |
| 500 | |aThe catalogue number (Fs114-5/2006E) and ISBN (0-662-44220-2) for the print edition have been incorrectly copied in this PDF edition. |
| 520 | 3 |aThis discussion paper looks at the need for change in Newfoundland and Labrador’s fishing industry. It outlines the industry’s external and domestic challenges, and presents the progress since the May 2006 launch of the initiative. The paper discusses key policy issues in the areas of harvesting, processing, marketing, and technology. The aim is to seek input from participating governments, industry, and communities for developing an integrated renewal strategy for the province’s fishing industry. |
| 590 | |a07-19|b2007-05-11 |
| 690 | 07|aFisheries management|2gcpds |
| 690 | 07|aMarketing|2gcpds |
| 690 | 07|aRestructuring|2gcpds |
| 775 | 08|tInitiative Canada - Terre-Neuve-et-Labrador de renouvellement de l'industrie de la pêche : |w(CaOODSP)9.633317 |
| 776 | 0#|tCanada - Newfoundland and Labrador fishing industry renewal initiative : |w(CaOODSP)9.650343 |
| 856 | 40|ahttp://publications.gc.ca|qPDF|s1063 KB|uhttps://publications.gc.ca/collections/collection_2007/dfo-mpo/Fs114-5-2006E.pdf |